00823nam a22001937a 450000500170000000800410001701700410005802000180009904000230011708200220014010000390016224501260020125000090032726000890033630000350042550400600046065000580052065000510057820240530110857.0181226s2019 ua ac f b 000 0dara d a2019/3720bمصر. دار الكتب a9789779122069 aEG-CaGPLcEG-CaGPL04221a810.9\bع ر0 aعبدالسلام الشاذلى 12aالرؤى النقدية المعاصرة لجدل التراث والابداع /cعبدالسلام الشاذلى  aط.1 aالقاهرة : bالهيئة المصرية العامة للكتاب،c2019 . a636 ص. :bايض ؛c24 سم. aيشتمل على ارجاعات ببليوجرافية072qrmakaالادب العربى xتاريخ ونقد 07aالشعر العربى xتاريخ ونقد